Эффективное и безопасное управление сахарным диабетом 2 типа при помощи ингибиторов ДПП-4 Статья
Guardat en:
| Autor principal: | |
|---|---|
| Format: | Статья |
| Accés en línia: | https://znanium.com/catalog/document?id=153386 https://znanium.com/cover/0497/497131.jpg |
| Etiquetes: |
Afegir etiqueta
Sense etiquetes, Sigues el primer a etiquetar aquest registre!
|
| LEADER | 01293nam0a2200229 i 4500 | ||
|---|---|---|---|
| 001 | RU\infra-m\znanium\bibl\497131 | ||
| 003 | https://znanium.com/catalog/document?id=153386 | ||
| 005 | 20200302000000.0 | ||
| 100 | |a 20200302d2014 m y0rusy0150 ca | ||
| 101 | 0 | |a rus | |
| 102 | |a RU | ||
| 200 | 1 | |a Эффективное и безопасное управление сахарным диабетом 2 типа при помощи ингибиторов ДПП-4 |e Статья | |
| 210 | 1 | |a Москва |c ФГБУ "Эндокринологический научный центр" МинЗдрав РФ |d 2010 | |
| 215 | |a 7 с. | ||
| 333 | |a Аспирантура | ||
| 606 | |a Медицина. Фармакология |x Эндокринология и болезни обмена веществ |2 local | ||
| 608 | |a Статья |2 local | ||
| 700 | 1 | |a Аметов |b А.С. | |
| 701 | 1 | |a Карпова |b Е. В. |g Елена Викторовна | |
| 801 | 0 | |a RU |b Общество с ограниченной ответственностью «ЗНАНИУМ» |c 20141128 |2 rusmarc | |
| 856 | 4 | |a znanium.com |m ebs_support@infra-m.ru |n НИЦ ИНФРА-М |u https://znanium.com/catalog/document?id=153386 | |
| 856 | 4 | 1 | |a znanium.com |d /cover/0497 |f 497131.jpg |q image/jpeg |u https://znanium.com/cover/0497/497131.jpg |